000 00532nam a2200193Ia 4500
003 GCL
008 140319s9999 xx 000 0 ara d
040 _aGCL /
_cGCL
082 0 4 _a296.81
_bس س
100 1 _aسيد فرج راشد
245 1 0 _aالسامريون واليهود /
_cسيد فرج راشد
260 _a[S.N] :
_bدار المريخ للنشر ،
_c1987
300 _a246 ص
490 _a
650 0 4 _aاليهودية
650 0 4 _aالصهيونية
650 0 4 _aالسامريون
942 _2ddc
_cBK
999 _c29587
_d29587